00864nam a2200181 a 450000100100000000500170001000800410002704000250006808200130009310000320010624500640013826001860020230000280038804900090041695201170042595201230054299900170066500002452120200930023222.0110128s1973 mx a r 001 0 spa d aDO-SdBNPbspacBNPHU ann*bnn*1 aKent Jones, Richard.95024910aMétodos didácticos audiovisuales /cRichard Kent Jones. aMéxico, D. F. :bInstituto Latinoamericano de la Comunicación Educatica (Unesco-México) ;bCentro Regional de Ayuda Técnica. Agencia para el Desarrollo Internacional,c1973. a283 p. :bil. ;c21 cm. aBNGR 001054708MOaGRbGRcCTd2011-01-28iLF1l0onn* nn*p24521-10r2020-06-25w2020-06-25y4ZPréstamo en sala 001054728MOaGRbGRcCTd2011-01-28iLF1l0onn* nn*p24521-20r2020-06-25te. 2w2020-06-25y4ZPréstamo en sala c24014d24014